Quick review in clinical periodontics
Saved in:
| Main Author: | |
|---|---|
| Format: | Book |
| Language: | English |
| Published: |
C.B.S. Publishers
2017
|
| Tags: |
Add Tag
No Tags, Be the first to tag this record!
|
MARC
| LEADER | 00000nam a22000007a 4500 | ||
|---|---|---|---|
| 008 | 240311b |||||||| |||| 00| 0 eng d | ||
| 020 | |a 9789386478658 | ||
| 100 | |a GUPTA, Swati |a Gupta, Sumit | ||
| 245 | |a Quick review in clinical periodontics |c Swati Gupta, Sumit Gupta |g xii, 188p | ||
| 260 | |b C.B.S. Publishers |c 2017 |h New Delhi |i 699936 |i 699937 |l RK361.G95 |m Periodontics | ||
| 500 | |a It includes index | ||
| 942 | |a lcc |c BK |e Adeyemo O.O. |f 11/03/2024 | ||
| 952 | |0 0 |1 0 |2 lcc |4 0 |6 RK0361 G95 |7 0 |9 4958 |a HE |b HOL |c QZ |d 2024-03-11 |l 0 |o RK361.G95 |p 2024-0209 |r 2024-03-11 00:00:00 |t 699936 |w 2024-03-11 |y BK | ||
| 952 | |0 0 |1 0 |2 lcc |4 0 |6 RK0361 G95 |7 0 |9 4959 |a HOL |b HOL |c QZ |d 2024-03-11 |l 0 |o RK361.G95 |p 2024-0210 |r 2024-03-11 00:00:00 |t 699937 |w 2024-03-11 |y BK | ||
| 999 | |c 2461 |d 2461 | ||